| 000 | 01195nam a2200205 a 4500 | ||
|---|---|---|---|
| 008 | 090126s2001 ||||||||||||||||| || u | ||
| 050 | _aUNO(01) | ||
| 110 | _aUnited Nations Economic and Social Affairs (UNESA) | ||
| 245 | 1 | 4 |
_aThe year in review: UN peace operations in 2001 _cBy United Nations |
| 260 |
_aNew York _bUNITED NATIONS _c2001 |
||
| 350 | _a0.00 | ||
| 650 | _aPEACE MOVEMENTS--SUDAN | ||
| 650 | _aUNITED NATIONS--PEACEKEEPING FORCES--AFRICA | ||
| 650 | _aUN PEACE MOVEMENTS--SIERRA LEONE | ||
| 650 | 0 | _aPEACE | |
| 995 |
_aSPECIAL COLLECTIONS _D0.00 _e03003443 _FCBU-MAIN LIBRARY (Kitwe) _H1 _I0.00 _jUNO(01)2001/D _M4 _UAVAILABLE _WJan 26, 2009 _y03003443 _ZInternational Publications |
||
| 995 |
_aSPECIAL COLLECTIONS _D0.00 _e03003440 _FCBU-MAIN LIBRARY (Kitwe) _H1 _I0.00 _jUNO(01)2001/A _M1 _UAVAILABLE _WJan 26, 2009 _yZ03003440 _ZInternational Publications |
||
| 995 |
_aSPECIAL COLLECTIONS _D0.00 _e03003441 _FCBU-MAIN LIBRARY (Kitwe) _H1 _I0.00 _jUNO(01)2001/B _M2 _UAVAILABLE _WJan 26, 2009 _yZ03003441 _ZInternational Publications |
||
| 995 |
_aSPECIAL COLLECTIONS _D0.00 _e03003442 _FCBU-MAIN LIBRARY (Kitwe) _H1 _I0.00 _jUNO(01)2001/C _M3 _UAVAILABLE _WJan 26, 2009 _yZ03003442 _ZInternational Publications |
||
| 999 |
_c83340 _d83340 |
||